Logo BPK

Biblioteka

Politechniki Koszalińskiej

Widok standardowy Widok MARC

Pozycja Gatunek/forma

Liczba rekordów, w których użyto hasła: 51

001 - NUMER KONTROLNY

  • pole kontrolne: 15979

003 - IDENTYFIKATOR NUMERU KONTROLNEGO

  • pole kontrolne: BPK

005 - DATA I GODZINA OSTATNIEJ MODYFIKACJI

  • pole kontrolne: 20200710120719.0

008 - ELEMENTY DANYCH STAŁEJ DŁUGOŚCI

  • pole kontrolne stałej długości: 140114|| aca||aabn | a|a d

040 ## - ŹRÓDŁO OPISU

  • Instytucja, która jako pierwsza sporządziła opis: BPK
  • Instytucja, która utworzyła rekord: BPK

155 ## - DESKRYPTOR RODZAJU/GATUNKU

  • Deskryptor rodzaju/gatunku: Dokumenty dźwiękowe

670 ## - ŹRÓDŁO, W KTÓRYM ZNALEZIONO DANE

  • Źródło, w którym znaleziono dane: Work cat.: (BPK)0: Kotler, Philip (1931- ). 15978, Marketing 3.0 :, cop. 2011.
© 2023 Biblioteka Politechniki Koszalińskiej :: KOHA